| 000 | 01042nam a2200253 a 4500 | ||
|---|---|---|---|
| 008 | |||
| 049 | _aMAIN | ||
| 090 |
_aHD8802 _bZIM |
||
| 110 |
_aZimbabwe. _bCommission of Inquiry into Incomes, Prices and Conditions of Service. |
||
| 245 | 1 | 0 |
_aZimbabwe : _breport of the commission of inquiry into incomes, prices and conditions of service / _cunder the Chairmanship of Roger C. Riddell. |
| 260 |
_a[Harare] : _bGovernment of Zimbabwe, _c1981] |
||
| 300 |
_aii, 330 p. ; _c30 cm. |
||
| 650 |
_aJob evaluation _zZimbabwe. |
||
| 650 |
_aLabour policy _zZimbabwe. |
||
| 650 |
_aPrices _xGovernment policy _zZimbabwe. |
||
| 650 | 1 |
_aIncome _zZimbabwe. |
|
| 700 | _aRiddell, Roger C. | ||
| 740 |
_aReport of the Commission of Inquiry into incomes, prices and conditions of service / _cunder the Chairmanship of Roger C. Riddell, to the President, June 1981. |
||
| 907 |
_a.b10087035 _b17-02-09 _c28-08-03 |
||
| 003 | |||
| 005 | 20230123133405.0 | ||
| 040 | _cNUST | ||
| 942 |
_cBOOKS _kHD8802 _mZIM |
||
| 999 |
_c147765 _d147765 |
||